| 000 | 00720nam a2200229 i 4500 | ||
|---|---|---|---|
| 001 | bg | ||
| 245 | 0 | 0 |
_aKomputerowe modelowanie dynamicznych oddziaływań ciał metodą punktów swobodnych : _bpraca zbiorowa / _cpod red. Karola Jacha. |
| 260 |
_aWarszawa : _bWydaw. Naukowe PWN, _c2001. |
||
| 300 |
_a263, [2] s., [27] s. tabl. kolor. : _bil. ; _c25 cm. |
||
| 504 | _aBibliogr. przy rozdz. - Indeks. | ||
| 650 | 9 |
_aFizyka _xmetody |
|
| 650 | 9 | _aSymulacja | |
| 655 | _aPodręczniki akademickie | ||
| 700 | 1 |
_aJACH, Karol. _eRed. |
|
| 020 | _a8301133783 | ||
| 040 | _cBPK | ||
| 041 | 0 | _apl | |
| 080 | _a53:004.94](075.8) | ||
| 920 | _a83-01-13378-3 | ||
| 942 | _cKS | ||
| 008 | s pl f |000 0 pol | ||
| 999 |
_c40683 _d40683 |
||
| 856 |
_uhttp://koha.tu.koszalin.pl/cgi-bin/koha/opac-detail.pl?biblionumber=40683 _yKatalog online BPK |
||